000 00618nam a2200193Ia 4500
999 _c48596
_d48596
003 GCL
005 20240530104543.0
008 140319s9999 xx 000 0 ara d
040 _aGCL /
_cGCL
082 0 4 _a953\
_bل د
100 1 _aلوريمر، ج. ج
245 1 0 _aدليل الخليج : القسم التاريخ - ج1 , 4 , 5 , 7 /
_cلوريمر، ج. ج
300 _aاجزاء ؛
_c24 سم.
490 _aالهيئة العامة للاستعلامات
_v0
650 0 4 _aالتاريخ
650 0 4 _aالخليج العربى
650 0 4 _aالخليج العربى - تاريخ
942 _2ddc
_cBK